00835 2200313 4500001002100000005001500021035002000036007000300056040001700059100002700076245005800103250001600161300003200177020001800209041000800227082001100235084001700246090002300263264003000286336002100316337003000337338002300367650001200390850001000402008004100412504002400453990002200477990002200499INLIS00000000000561420260508010526 a0010-0222000704ta aSBPUPADbind0 aSri MulyatiePengarang1 aTarekat Tarekat Muktabara di indonesia /cSri Mulyati aEd 1, cet.3 a416 hlm. :billus. ;c23 cm a979-3565-73-51 aind a297.87 a297.87 SRI t a297.8 ALJ f/II 4-3 aJakarta :bKencana,c2004 2rdacontentateks 2rdamediaatanpa perantara 2rdacarrieravolume 4aTarekat aPUPAD260508 0  aDaftar Pustaka, 405 a6132/ARPUS-PDG/08 a6133/ARPUS-PDG/08